zpět

Detail výsledku týmu

Kentaur ST, Brno

Datum a čas kvízu

35 Celkem bodů Celkový počet nahraných bodů na tomto kvízu bez doplňovacích otázek.
3. Pořadí na kvízu Konečné umístění týmu na tomto kvízu.

Zaznamenané odpovědi

# Otázka Odpověď Body Výsledky
1. Šéf Generální inspekce bezpečn... 1
2. Generace revolucionářů, která... 0
3. Ve čtvrtek začal 31. ročník fi... 0
4. Minulý týden oslavila kulaté 7... 1
5. Celkem kolikátý mistrovský tit... 1
6. Jak se jmenuje festival dokume... 1
7. Velký úspěch minulý rok zaznam... 0
8. Olga Sommerová je od roku 2014... 1
9. Režisérka Helena Třeštíková na... 1
10. Seřaďte tyto dokumenty podle j... 1